El Legado del autoritarismo /
Uloženo v:
| Hlavní autor: | |
|---|---|
| Médium: | Text |
| Jazyk: | Spanish |
| Témata: | |
| Tagy: |
Přidat tag
Žádné tagy, Buďte první, kdo vytvoří štítek k tomuto záznamu!
|
MARC
| LEADER | 00000 a a2200000 04500 | ||
|---|---|---|---|
| 001 | 9656 | ||
| 003 | cru CIDCACS/IIS | ||
| 005 | 20230809143559.0 | ||
| 008 | 230807b |||||||| |||| 00| 0 spa d | ||
| 040 | |c cru CIDCACS/IIS | ||
| 100 | |a Aguilar Rivera, José Antonio | ||
| 245 | |a El Legado del autoritarismo / |c José Antonio Aguilar Rivera | ||
| 650 | |a AUTORITARISMO | ||
| 650 | |a DEMOCRACIA | ||
| 650 | |a DEMOCRATIZACION | ||
| 773 | |g volumen 7, número 30; páginas 23-28 | ||
| 942 | |2 z |c PP | ||
| 999 | |c 25704 |d 25704 | ||
